000 00353nam a2200145Ia 4500
008 230711s9999||||xx |||||||||||||| ||und||
041 _aENG
082 _a4
_bBA-E
100 _aBaird D.C
245 0 _aExperimentation
250 _a1st
260 _c1988
_aNew York
_bPrentice-Hall of India Private Limited
650 _aComputer Engineering
942 _cBK
999 _c640
_d640